[Event "Wuerttemberg-ch U14 Girls"]
[Site "Friedrichshafen"]
[Date "2005.04.02"]
[Round "7"]
[White "Kormendy, Flora"]
[Black "Pollinger, Stephanie"]
[Result "0-1"]
[WhiteElo "1062"]
[BlackElo "972"]
[PlyCount "78"]
[EventDate "2005.03.29"]
[EventType "swiss"]
[EventRounds "7"]
[EventCountry "GER"]
[SourceTitle "EXT 2007"]
[Source "ChessBase"]
[SourceDate "2006.11.23"]
[SourceVersion "1"]
[SourceVersionDate "2006.11.23"]
[SourceQuality "1"]

1. e4 e5 2. Nf3 Nc6 3. Bc4 Nf6 4. Nc3 d6 5. 0-0 Bg4 6. h3 Bh5 7. d3 Nd4 8. g4 Nxf3+ 9. Qxf3 Bg6 10. Bg5 h6 11. Bh4 c6 12. g5 hxg5 13. Bxg5 Be7 14. Bxf6 Bxf6 15. Kh1 Qd7 16. Kh2 0-0-0 17. Rg1 Rh6 18. Rg3 Qe7 19. Qe3 Kb8 20. a4 Bh4 21. Rf3 Bh5 22. Rf5 Bg6 23. Rf3 Bg5 24. Qe2 Bh5 25. Rg1 Bxf3 26. Qxf3 Bf4+ 27. Kh1 Qd7 28. Rg4 Rdh8 29. Kg2 g6 30. h4 f5 31. exf5 gxf5 32. Rxf4 exf4 33. Qxf4 Rxh4 34. Qg3 Rg4 35. Qxg4 fxg4 36. Ne4 d5 37. Nf6 Qe6 38. Nxg4 Qxg4+ 39. Kf1 Rh1# 0-1

[Event "Wuerttemberg-ch U14 Girls"]
[Site "Friedrichshafen"]
[Date "2005.04.01"]
[Round "6"]
[White "Pollinger, Stephanie"]
[Black "Dinger, Solveig"]
[Result "1/2-1/2"]
[WhiteElo "972"]
[BlackElo "1366"]
[PlyCount "44"]
[EventDate "2005.03.29"]
[EventType "swiss"]
[EventRounds "7"]
[EventCountry "GER"]
[SourceTitle "EXT 2007"]
[Source "ChessBase"]
[SourceDate "2006.11.23"]
[SourceVersion "1"]
[SourceVersionDate "2006.11.23"]
[SourceQuality "1"]

1. d4 d5 2. Bf4 Nc6 3. Nc3 Nf6 4. e3 g6 5. Bb5 Bd7 6. Nf3 Bg7 7. 0-0 a6 8. Ba4 0-0 9. Ne5 Nxe5 10. Bxe5 Ne4 11. Nxe4 Bxa4 12. Bxg7 Kxg7 13. Nc3 Bc6 14. b3 Qd6 15. Qd3 e5 16. Ne2 Bb5 17. c4 dxc4 18. bxc4 Ba4 19. Nc3 Bc6 20. d5 b6 21. Ne4 Qd7 22. Rfd1 Bb7 1/2-1/2

[Event "Wuerttemberg-ch U14 Girls"]
[Site "Friedrichshafen"]
[Date "2005.03.29"]
[Round "1"]
[White "Pollinger, Stephanie"]
[Black "Mijatovic, Andrea"]
[Result "0-1"]
[WhiteElo "972"]
[BlackElo "1523"]
[PlyCount "66"]
[EventDate "2005.03.29"]
[EventType "swiss"]
[EventRounds "7"]
[EventCountry "GER"]
[SourceTitle "EXT 2007"]
[Source "ChessBase"]
[SourceDate "2006.11.23"]
[SourceVersion "1"]
[SourceVersionDate "2006.11.23"]
[SourceQuality "1"]

1. d4 d5 2. Nc3 Nf6 3. Bf4 c6 4. Nf3 Bf5 5. e3 Nbd7 6. Bd3 Bxd3 7. cxd3 e6 8. 0-0 Bb4 9. a3 Bxc3 10. bxc3 0-0 11. e4 dxe4 12. dxe4 Nxe4 13. Qd3 Ndf6 14. Rfe1 Nc5 15. Qc2 Na6 16. Bg5 h6 17. Bh4 Nc7 18. h3 b5 19. a4 a6 20. axb5 cxb5 21. Ne5 Ncd5 22. Qd3 Qc7 23. Bxf6 Nxf6 24. f4 Nd5 25. Qd2 Qxc3 26. Qxc3 Nxc3 27. Rac1 Rfc8 28. Rc2 Nd5 29. Rf2 a5 30. Nd3 a4 31. Rb2 a3 32. Ra2 b4 33. Rb1 Nc3 0-1

[Event "Wuertemberg-ch U14 Girls"]
[Site "Germany"]
[Date "2004.04.16"]
[Round "6"]
[White "Pollinger, Stephanie"]
[Black "Mack, Carmen"]
[Result "1-0"]
[WhiteElo "974"]
[BlackElo "876"]
[PlyCount "107"]
[EventDate "2004.04.??"]
[EventType "swiss"]
[EventRounds "7"]
[EventCountry "GER"]
[SourceTitle "EXT 2005"]
[Source "ChessBase"]
[SourceDate "2004.11.15"]
[SourceVersion "1"]
[SourceVersionDate "2004.11.15"]
[SourceQuality "1"]

1. e4 e5 2. Nf3 Nc6 3. Nc3 Nf6 4. Bc4 Bc5 5. Nxe5 Nxe5 6. d4 Bxd4 7. Qxd4 Nxc4 8. Qxc4 d6 9. Bg5 c6 10. 0-0-0 Qe7 11. Bxf6 Qxf6 12. f3 0-0 13. Rhe1 Re8 14. Kb1 Re5 15. Qd4 Re6 16. Qxf6 Rxf6 17. e5 Re6 18. Rxd6 g6 19. f4 Rxd6 20. exd6 Be6 21. Re5 Rd8 22. Ne4 Bd5 23. Nf6+ Kg7 24. Nxd5 cxd5 25. Rxd5 Re8 26. a3 Kf6 27. d7 Rd8 28. Rd6+ Ke7 29. Rd4 Rxd7 30. Rxd7+ Kxd7 31. Ka2 Ke6 32. b4 Kd5 33. Kb3 h5 34. c4+ Kc6 35. a4 b6 36. b5+ Kc5 37. a5 bxa5 38. Ka4 Kb6 39. c5+ Kb7 40. Kxa5 Kc7 41. Ka6 Kb8 42. b6 axb6 43. cxb6 Ka8 44. Kb5 Kb7 45. Kc5 Kc8 46. Kc6 Kb8 47. b7 f6 48. g3 g5 49. h3 h4 50. fxg5 hxg3 51. gxf6 g2 52. f7 g1Q 53. f8Q+ Ka7 54. Qa8# 1-0

[Event "Wuertemberg-ch U14 Girls"]
[Site "Germany"]
[Date "2004.04.13"]
[Round "1"]
[White "Pollinger, Stephanie"]
[Black "Froeschle, Luzie"]
[Result "0-1"]
[WhiteElo "974"]
[BlackElo "1269"]
[PlyCount "56"]
[EventDate "2004.04.??"]
[EventType "swiss"]
[EventRounds "7"]
[EventCountry "GER"]
[SourceTitle "EXT 2005"]
[Source "ChessBase"]
[SourceDate "2004.11.15"]
[SourceVersion "1"]
[SourceVersionDate "2004.11.15"]
[SourceQuality "1"]

1. e4 c6 2. d4 d5 3. Nc3 dxe4 4. Nxe4 Nd7 5. Nf3 Ngf6 6. Nxf6+ Nxf6 7. Bg5 e6 8. Bxf6 Qxf6 9. Be2 c5 10. 0-0 cxd4 11. Qxd4 Be7 12. Bb5+ Kf8 13. Rad1 Qxd4 14. Rxd4 Bf6 15. Rb4 Ke7 16. Rd1 b6 17. c3 Rd8 18. Rxd8 Kxd8 19. Nd4 Bb7 20. Bc6 Bxc6 21. Nxc6+ Kd7 22. Nd4 Rd8 23. f4 Rc8 24. g4 Be7 25. Rb5 Bc5 26. f5 e5 27. b4 a6 28. Rxc5 bxc5 0-1